Why Don't We Go There - One Direction (All Lyrics) - Statistics

General Stats
  • This quiz has been taken 73 times
    69 since last reset
  • The average score is 214 of 240
Answer Stats
Answers % Correct
a
100%
do
100%
don't
100%
go
100%
I
100%
me
100%
me?
100%
the
100%
The
100%
there?
100%
there
100%
we
100%
Why
100%
why
100%
Just
96%
just
96%
let
96%
to
96%
we're
96%
you
96%
and
93%
Cause
93%
cause
93%
in
93%
know
93%
no
93%
take
93%
way
93%
with
93%
With
93%
all
89%
going
89%
got
89%
it
89%
night
89%
stay
89%
want
89%
about
85%
be
85%
cold
85%
nowhere
85%
ride
85%
Say
85%
say
85%
Think
85%
air
81%
out
81%
slow
81%
wanna
81%
could
78%
key
78%
place
78%
right
78%
that
78%
yeah
78%
away
74%
but
74%
If
74%
Let's
74%
one
74%
other
74%
places
74%
side
74%
tonight
74%
word
74%
give
70%
or
70%
touch
70%
We'll
70%
You're
70%
addicted
67%
free
67%
these
67%
feel
63%
get
63%
high
63%
my
63%
set
63%
There's
63%
anyway
59%
clothes
59%
rushing
59%
safe
59%
secret's
59%
see
59%
time
59%
anyone
56%
mind
56%
Skydive
56%
through
56%
Hey
48%
we'd
37%
No matching quizzes found
Score Distribution
Percent of People with Each Score
Percentile by Number Answered
Your Score History
You have not taken this quiz since the last reset